| 000 | 00548nam a2200193Ia 4500 | ||
|---|---|---|---|
| 003 | OSt | ||
| 005 | 20260110122751.0 | ||
| 008 | 210210b1965 xxu||||| |||| 00| 0 eng d | ||
| 040 | _cAL | ||
| 041 | _aKannada | ||
| 082 | _a859/997 | ||
| 100 |
_aNARAYANA (R K) _9145693 _dನಾರಾಯಣ (ಆರ್ಕೆ) |
||
| 245 |
_aMargadarshi _bಮಾರ್ಗದರ್ಶಿ |
||
| 260 |
_aNavadehali _bSahitya Akademi _c1965 |
||
| 690 |
_aKannada Fiction _9145694 |
||
| 700 |
_aMangala: _dಮಂಗಳ _9250966 |
||
| 906 | _a021745 | ||
| 942 |
_2ddc _cBK |
||
| 999 |
_c145845 _d145845 |
||